Pridružovanie Slovenska k EÚ v poľnohospodárstve

Poľnohospodárska politika Slovenska, poľnohospodárstvo v EÚ - porovnanie. Komunitárna podpora slovenského poľnohospodárstva.

Salvato in:
Dettagli Bibliografici
Autore principale: Gavaľová, Viera
Natura: Capitolo di libro
Lingua:slovacco
Soggetti:
Tags: Aggiungi Tag
Nessun Tag, puoi essere il primo ad aggiungerne!!

MARC

LEADER 00000naa a2200000 4500
001 r049673
005 20230825103235.0
041 0 |a slo 
044 |a SK 
245 1 0 |a Pridružovanie Slovenska k EÚ v poľnohospodárstve  |c Viera Gavaľová 
520 |a Poľnohospodárska politika Slovenska, poľnohospodárstvo v EÚ - porovnanie. Komunitárna podpora slovenského poľnohospodárstva. 
610 2 0 |a poľnohospodárstvo 
610 2 0 |a Slovensko 
610 2 0 |a Európska únia 
100 1 |a Gavaľová, Viera